000 00582 a2200169 4500
999 _c7349
_d7349
020 _a9781444760682
050 _aDS135 SCH2013
100 _aSchloss, Eva
_eeditor
245 _a After Auschwitz :
_ba story of heartbreak and survival by the stepsister of Anne Frank /
_cEva Schloss, with Karen Bartlett.
264 _aLondon :
_bHodder & Stoughton,
_c 2013
300 _a326 pages
500 _alncludes index
650 _aSchloss
_x Eva
650 _a Auschwitz (Concentration camp)
650 _aJews -- Netherlands -- Amsterdam -- Biography.
942 _2lcc
_cBK
_h135
_iSCH
_kDS